Most Populated U.S. Cities by Letter - A - Statistics

General Stats
  • This quiz has been taken 161 times
  • The average score is 14 of 20
Answer Stats
Population State Answer % Correct
962,000 Texas Austin
99%
499,000 Georgia Atlanta
98%
565,000 New Mexico Albuquerque
95%
291,000 Alaska Anchorage
92%
394,000 Texas Arlington
83%
239,000 Virginia Arlington
83%
347,000 California Anaheim
81%
386,000 Colorado Aurora
81%
181,000 Illinois Aurora
81%
200,000 Texas Amarillo
74%
190,000 Ohio Akron
72%
124,000 Michigan Ann Arbor
72%
202,000 Georgia Augusta
67%
127,000 Georgia Athens
65%
105,000 Texas Allen
61%
126,000 Pennsylvania Allentown
56%
159,000 Virginia Alexandria
52%
125,000 Texas Abilene
49%
124,000 Colorado Arvada
31%
115,000 California Antioch
22%
No matching quizzes found
Score Distribution
Percent of People with Each Score
Percentile by Number Answered
Your Score History
You have not taken this quiz